| 000 | 00795naa a2200145Ia 4500 | ||
|---|---|---|---|
| 003 | ES-SlBCS | ||
| 005 | 20210601152835.0 | ||
| 008 | 140519s1991 xxu||||| |||| 00| 0 spa d | ||
| 041 | _aspa | ||
| 100 | 0 |
_aPablo _bVI _c, Papa _d1897-1978 _9123568 |
|
| 245 | 0 | 0 |
_aDe aborto procurato. Declaración de la Congregación para la Doctrina de la Fe sobre la práctica del aborto (15-V-1974) _cPablo Vi |
| 650 | 4 |
_aDe Aborto Procurato _9351619 |
|
| 773 | 0 |
_tEl Magisterio Pontificio Contemporáneo. Vol. I : Sagrada Escritura. Dogma. Moral. Sagrada liturgia. Espiritualidad : Colección de Encíclicas y Documentos desde León XIII a Juan Pablo II / Fernando Guerrero, Ángel Suquía Goicoechea _dMadrid : Biblioteca de Autores Cristianos, 1991 _g, págs. 482-493 _z84-7914-055-0 (OC) _wVA40876 |
|
| 942 | _cAC | ||
| 999 |
_c781954 _d781954 |
||